Statistiques concernant les plus grande marque de voiture

Cliquez ici pour prendre le quiz!

Statistiques générales

  • Ce quiz a été pris 1 280 fois
  • Le résultat moyen est 9 sur 17

Statistiques - réponses

HintRéponse% Correct
renault
87%
peugeot
85%
citroen
78%
audi
71%
toyota
71%
ford
70%
volkswagen
63%
fiat
61%
nissan
54%
honda
51%
opel
46%
hyundai
45%
chevrolet
38%
kia
37%
chrysler
20%
general motor
17%
lexus
14%

Distribution des résultats

Percentile par nombre de réponses

% des personnes avec chaque résultat

Votre développement - résultats

Vous n’avez pas pris ce quiz